Estatísticas para Países que começam com L

Clique aqui para jogar o quiz

Estatísticas Gerais

  • Esse quiz foi jogado 3 101 vezes
  • A pontuação média é 7 de 9

Estatísticas das Respostas

País% Correto
Lituânia
91%
Letónia
88%
Líbano
88%
Laos
82%
Líbia
82%
Libéria
78%
Luxemburgo
74%
Liechtenstein
69%
Lesoto
66%

Distribuição das Pontuações

Percentil de Números Respondidos

Porcentagem de Pessoas com Cada Pontuação

Sua Pontuação Histórica

Você não jogou esse quiz